000 00738nam a2200253Ia 4500
003 OSt
005 20220925230507.0
006 a|||||r|||| 00| 0
007 ta
008 220923b |||||||| |||| 00| 0 eng d
020 _a0 297 77994 X
037 _cGeneral Book
040 _aRTL
_cRTL
_beng
041 _2eng
_aeng
082 _aX:3M24xM18x, M1
100 _aMarx Karl
_922872
245 0 _aCorrespondence
_b the Personal letters 1844-1877 Ed
260 _aLondon
_bWeidenfeld and Nicolson
_c1981
300 _a194p
_ccm.
650 _aEconomic Classics Karl Marx
_9233100
700 _a engels F
_974710
942 _hX:3M24xM18x, M1
_cGB
_2CC
999 _c585711
_d585711